<?xml version="1.0" encoding="UTF-8"?><?xml-stylesheet type="text/xsl" href="static/style.xsl"?><OAI-PMH xmlns="http://www.openarchives.org/OAI/2.0/" xmlns:xsi="http://www.w3.org/2001/XMLSchema-instance" xsi:schemaLocation="http://www.openarchives.org/OAI/2.0/ http://www.openarchives.org/OAI/2.0/OAI-PMH.xsd"><responseDate>2026-06-05T13:33:34Z</responseDate><request verb="GetRecord" identifier="oai:riuma.uma.es:10630/28701" metadataPrefix="marc">https://riuma.uma.es/rest/oai/request</request><GetRecord><record><header><identifier>oai:riuma.uma.es:10630/28701</identifier><datestamp>2026-02-03T11:29:29Z</datestamp><setSpec>com_10630_2254</setSpec><setSpec>col_10630_37953</setSpec></header><metadata><record xmlns="http://www.loc.gov/MARC21/slim" xmlns:dcterms="http://purl.org/dc/terms/" xmlns:doc="http://www.lyncode.com/xoai" xmlns:xsi="http://www.w3.org/2001/XMLSchema-instance" xsi:schemaLocation="http://www.loc.gov/MARC21/slim http://www.loc.gov/standards/marcxml/schema/MARC21slim.xsd">
   <leader>00925njm 22002777a 4500</leader>
   <datafield ind2=" " ind1=" " tag="042">
      <subfield code="a">dc</subfield>
   </datafield>
   <datafield ind2=" " ind1=" " tag="720">
      <subfield code="a">Fernández Ruiz, Manuel Alejandro</subfield>
      <subfield code="e">author</subfield>
   </datafield>
   <datafield ind2=" " ind1=" " tag="720">
      <subfield code="a">Hernández-Montes, Enrique</subfield>
      <subfield code="e">author</subfield>
   </datafield>
   <datafield ind2=" " ind1=" " tag="720">
      <subfield code="a">Carbonell-Márquez, Juan Francisco</subfield>
      <subfield code="e">author</subfield>
   </datafield>
   <datafield ind2=" " ind1=" " tag="720">
      <subfield code="a">Gil-Martín, Luisa María</subfield>
      <subfield code="e">author</subfield>
   </datafield>
   <datafield ind2=" " ind1=" " tag="260">
      <subfield code="c">2019-01-19</subfield>
   </datafield>
   <datafield ind2=" " ind1=" " tag="520">
      <subfield code="a">The octahedron family of tensegrity structures is presented in this research. The octahedron and the expanded octahedron (well-known tensegrities in the literature) are the first and second components of the family. A new tensegrity is presented: the double-expanded octahedron. This new tensegrity form was obtained following the connectivity pattern of the octahedron family presented in this work. The values of the force densities or force:length ratios that satisfy the minimum required rank deficiency of the force density matrix were computed analytically. Two types of solutions are obtained: full and folded forms. Results show that each lower member of the octahedron family is a folded form of a superior member of this family. Several examples are shown.</subfield>
   </datafield>
   <datafield ind1="8" ind2=" " tag="024">
      <subfield code="a">Fernández-Ruiz, M. A., Hernández-Montes, E., Carbonell-Márquez, J. F., &amp; Gil-Martín, L. M. (2019). Octahedron family: The double-expanded octahedron tensegrity. International Journal of Solids and Structures, 165, 1–13.</subfield>
   </datafield>
   <datafield ind1="8" ind2=" " tag="024">
      <subfield code="a">https://hdl.handle.net/10630/28701</subfield>
   </datafield>
   <datafield ind1="8" ind2=" " tag="024">
      <subfield code="a">10.1016/j.ijsolstr.2019.01.017</subfield>
   </datafield>
   <datafield tag="653" ind2=" " ind1=" ">
      <subfield code="a">Ingeniería de estructuras</subfield>
   </datafield>
   <datafield ind2="0" ind1="0" tag="245">
      <subfield code="a">Octahedron family: The double-expanded octahedron tensegrity.</subfield>
   </datafield>
</record>
</metadata></record></GetRecord></OAI-PMH>